Ada cinta dimatamu

Bibliographic Details
Format: Book

MARC

LEADER 00000cam a2200000 7i4500
001 0000009956
002 000010845
005 20000330.0
020 |a 98389332841 
090 0 0 |a F   |b ZUR 
245 0 0 |a Ada cinta dimatamu 
999 |a 052173   |b BUKU   |c PINJAMAN   |e PERPUSTAKAAN KOMUNITI PETALING JAYA